Music Quiz

Random Music or Letter Quiz

Reverse Alphabet: Pop Lyrics Quiz Stats

 Plays Quiz Updated Apr 2, 2018

Also try: Finish the Lyric
Challenge
Share
Tweet
Embed
Score 0/26 Timer 06:00
12 Plays Today
Question Answer Wrong Answers
*Q*
'She was more like a beauty _____ from a movie scene'
Michael Jackson, 1982
Queen
96.9%
Quirk
0.2%
Quote
0.3%
Quickie
0.1%
*V*
'I'm pickin' up good __________, She's giving me excitations'
Beach Boys, 1966
Vibrations
96.8%
Vacillations
0.5%
Violations
1%
Violins
0.2%
*U*
'_____ girl, she's been living in her _____ world'
Billy Joel, 1983
Uptown
96.5%
Underground
0.5%
Upbeat
1.1%
Up-market
0.2%
*O*
'And I scream from the top of my lungs, what's going ____?'
4 Non Blondes, 1992
On
96.2%
Off
0.3%
Out
0.3%
Over
0.4%
*F*
'Is this the real life? Is this just _____?'
Queen, 1975
Fantasy
95.3%
Foolishness
0.3%
Fictional
0.8%
French
0.1%
*L*
'Without ____, where would you be now?'
Doobie Brothers, 1971
Love
95.1%
Light
0.7%
Lunch
0.3%
Lust
0.6%
*Y*
'But I won't hesitate no more, no more; It cannot wait, I'm ______'
Jason Mraz, 2008
Yours
94.8%
Young
3.7%
You
0.3%
Yellow
0.6%
*A*
'Love is in the _____ everywhere I look around'
John Paul Young, 1977
Air
94.7%
Afternoon
0.8%
Aisle
0.3%
Asking
0.4%
*C*
'___________ dreamin' on such a winter's day'
The Mamas & the Papas, 1965
California
92.7%
Country
2.1%
Catholic
0.3%
Casablanca
1.1%
*I*
'All the women, who are _____, Throw your hands up at me'
Destiny's Child, 2001
Independent
92.6%
Indignant
1.6%
Indecisive
2.1%
Indecorous
0.3%
*W*
'My, my, at ________ Napoleon did surrender'
ABBA, 1974
Waterloo
92.6%
Wisconsin
1.1%
Westminster
2.3%
Warsaw
2.7%
*P*
'It's my _____ and I'll cry if I want to'
Lesley Gore, 1963
Party
92.3%
Posse
0.5%
Postman
0.3%
Prerogative
4.3%
*H*
'Because of you I learned to play on the safe side so I don't get _____'
Kelly Clarkson, 2004
Hurt
92.2%
Hard
0.5%
Hot
0.3%
Harmed
3.6%
*R*
'She's got a ticket to ____, but she don't care'
The Beatles, 1965
Ride
91.5%
Run
3.5%
Rove
0.8%
Rule
1.8%
*M*
'_____ for nothin' and chicks for free'
Dire Straits, 1985
Money
89.4%
Monday
0.7%
Makin'
1.6%
Movin'
5.1%
*G*
'So _____ yellow brick road, Where the dogs of society howl'
Elton John, 1973
Goodbye
89.4%
Gimme
1.4%
Golden
4.9%
Gorgeous
0.8%
*D*
'Hey there _______, what's it like in New York City?'
Plain White Tees, 2005
Delilah
89%
Deborah
3.7%
Daenerys
0.4%
Donald
3.4%
*N*
'Pleased to meet you, hope you guess my _____, oh yeah'
The Rolling Stones, 1968
Name
87.1%
Number
9.6%
Niece
0.2%
Nose
0.2%
*K*
'I'm broke but I'm happy, I'm poor but I'm _____'
Alanis Morissette, 1995
Kind
86.8%
Kidding
1.7%
Knowledgeable
3.4%
Kissable
4.8%
*E*
'Is this burning an _____ flame?'
The Bangles, 1988
Eternal
84.7%
Effervescent
0.6%
Everlasting
10.9%
Egregious
0.2%
*J*
'It's just your ____ talkin', you're telling me lies, yeah'
BeeGees, 1975
Jive
84.1%
Joke
5%
Joyful
3%
Jack
4.5%
*T*
'But every song's like gold _____, Grey Goose, trippin' in the bathroom'
Lorde, 2013
Teeth
83.3%
Tips
7%
Tarts
1.6%
Toes
5.9%
*X*
'An everlasting world and you're here with me, eternally ________'
Olivia Newton-John & ELO, 1980
Xanadu
81.3%
Xerxes
8.7%
Xylophonus
4.1%
X-Ray
4.7%
*B*
'Her hands are never cold, she's got _____ Davis eyes'
Kim Carnes, 1981
Bette
80.8%
Betsy
7.6%
Blue
7.1%
Bertha
0.7%
*Z*
'_____ suit riot; Pull a comb through your coal black hair'
Cherry Poppin' Daddies, 1997
Zoot
76.4%
Zip
11.2%
Zen
3.8%
Zebra
7.8%
*S*
'I don't practice ________, I ain't got no crystal ball'
Sublime, 1996
Santeria
67.6%
Santana
13.2%
Sangria
8.4%
Sarsaparilla
8%

You're not logged in!

Compare scores with friends on all Sporcle quizzes.
OR
Log In

You Might Also Like...

Show Comments

Extras

Top Quizzes Today


Score Distribution

Your Account Isn't Verified!

In order to create a playlist on Sporcle, you need to verify the email address you used during registration. Go to your Sporcle Settings to finish the process.

Report this User

Report this user for behavior that violates our Community Guidelines.

Details: